| 000 | 00619nam a2200181 a 4500 | ||
|---|---|---|---|
| 001 | 000033656 | ||
| 005 | 20200930070423.0 | ||
| 008 | 110905s1940 dr 000 0 spa d | ||
| 040 |
_aDO-SdBNP _bspa _cBNPHU |
||
| 082 |
_axxxx _bA729t, 1940 |
||
| 100 | 1 |
_aArmin _959125 |
|
| 245 | 1 | 0 |
_aTe dejo Mariana ; me voy con Quisqueya / _cArmin ; prólogo Rodolfo Bosch Pearson. |
| 250 | _a2a ed. | ||
| 260 |
_aCiudad Trujillo, República Dominicana : _bImpreta Echavarria, _c1940. |
||
| 300 |
_avi, 156 p. ; _c22 cm. |
||
| 500 | _aSegunda y ultima parte de La ciudad de madera | ||
| 700 | 1 |
_aBosch Pearson, Rodolfo, _epról. _959126 |
|
| 999 |
_c33147 _d33147 |
||